[Event "GER-ch Net blitz qual3"]
[Site "Playchess.com INT"]
[Date "2021.05.07"]
[Round "10"]
[White "Belikan, Thomas"]
[Black "Reiss, Peter"]
[Result "1-0"]
[WhiteElo "1411"]
[BlackElo "1377"]
[PlyCount "37"]
[EventDate "2021.05.07"]
[EventType "swiss (blitz)"]
[EventRounds "11"]
[EventCountry "GER"]
[SourceTitle "CBM 202 Extra"]
[Source "ChessBase"]
[SourceDate "2021.07.31"]
[SourceVersion "1"]
[SourceVersionDate "2021.07.31"]
[SourceQuality "1"]

1. e4 c5 2. Nc3 Nc6 3. Bb5 d6 4. Bxc6+ bxc6 5. f4 g6 6. Nf3 Bg7 7. 0-0 e6 8. d3 Ne7 9. Qe1 0-0 10. Qh4 d5 11. Ng5 h6 12. Nf3 d4 13. Ne2 Bb7 14. f5 exf5 15. Bxh6 fxe4 16. Ng5 Nf5 17. Rxf5 gxf5 18. Bxg7 f6 19. Qh7# 1-0

[Event "GER-ch Net blitz qual3"]
[Site "Playchess.com INT"]
[Date "2021.05.07"]
[Round "4"]
[White "Reiss, Peter"]
[Black "Hendrich, Daniel"]
[Result "0-1"]
[WhiteElo "1377"]
[BlackElo "1620"]
[PlyCount "90"]
[EventDate "2021.05.07"]
[EventType "swiss (blitz)"]
[EventRounds "11"]
[EventCountry "GER"]
[SourceTitle "CBM 202 Extra"]
[Source "ChessBase"]
[SourceDate "2021.07.31"]
[SourceVersion "1"]
[SourceVersionDate "2021.07.31"]
[SourceQuality "1"]

1. d4 d5 2. c4 e6 3. Nc3 Nf6 4. Bg5 Be7 5. Nf3 0-0 6. e3 h6 7. Bh4 Nbd7 8. Rc1 b6 9. Bd3 c5 10. 0-0 Bb7 11. b3 dxc4 12. Bxc4 Ne4 13. Bxe7 Qxe7 14. Nxe4 Bxe4 15. dxc5 Nxc5 16. Be2 Rfd8 17. Qe1 Nd3 18. Bxd3 Bxd3 19. Nd4 Bxf1 20. Qxf1 Rdc8 21. Nc6 Qd6 22. Nd4 Rxc1 23. Qxc1 Qc5 24. Qd2 Rc8 25. g3 Qc1+ 26. Qxc1 Rxc1+ 27. Kg2 Ra1 28. a4 Kf8 29. Nc6 a6 30. Nb8 b5 31. axb5 axb5 32. Nc6 Rb1 33. Nd4 e5 34. Nxb5 Rxb3 35. Nc7 Ke7 36. Nd5+ Kd6 37. e4 f5 38. f3 g5 39. Kf2 Rb2+ 40. Kg1 fxe4 41. fxe4 Kc5 42. Nf6 Kd4 43. Ng8 Kxe4 44. Nxh6 Kf3 45. Nf7 Rb1# 0-1

[Event "GER-ch Net blitz qual3"]
[Site "Playchess.com INT"]
[Date "2021.05.07"]
[Round "3"]
[White "Sandlers, Philipp"]
[Black "Reiss, Peter"]
[Result "1/2-1/2"]
[WhiteElo "1620"]
[BlackElo "1377"]
[PlyCount "103"]
[EventDate "2021.05.07"]
[EventType "swiss (blitz)"]
[EventRounds "11"]
[EventCountry "GER"]
[SourceTitle "CBM 202 Extra"]
[Source "ChessBase"]
[SourceDate "2021.07.31"]
[SourceVersion "1"]
[SourceVersionDate "2021.07.31"]
[SourceQuality "1"]

1. d4 d5 2. c4 e6 3. Nf3 Nf6 4. Nc3 Be7 5. Bf4 c5 6. dxc5 Bxc5 7. e3 0-0 8. Be2 dxc4 9. Bxc4 Nc6 10. 0-0 b6 11. Nb5 Bb7 12. Rc1 Qxd1 13. Rfxd1 Rad8 14. Nbd4 Nxd4 15. Nxd4 Bxd4 16. exd4 Nd5 17. Bxd5 Bxd5 18. b3 Rc8 19. Be5 f6 20. Bd6 Rfd8 21. Bg3 Bb7 22. f3 Rxc1 23. Rxc1 Rc8 24. Rxc8+ Bxc8 25. Bb8 a6 26. Kf2 Kf7 27. Ke3 Bb7 28. Bc7 b5 29. Kd3 Ke8 30. Kc3 Kd7 31. Bb6 Kc6 32. Bc5 Kd5 33. Kd3 g6 34. a4 bxa4 35. bxa4 e5 36. Bb6 exd4 37. Bxd4 f5 38. Bf6 Bc6 39. a5 Bb5+ 40. Ke3 Bf1 41. g3 Bb5 42. Kf4 Ke6 43. Be5 h6 44. Bg7 h5 45. Kg5 Kf7 46. Bf6 Be2 47. f4 Bg4 48. Bd4 Be2 49. Kh6 Bg4 50. Kg5 Be2 51. Kh6 Bg4 52. Kg5 1/2-1/2

[Event "GER-ch Net blitz qual2"]
[Site "Playchess.com INT"]
[Date "2021.05.04"]
[Round "4"]
[White "Gerlach, Herwig"]
[Black "Reiss, Peter"]
[Result "1-0"]
[WhiteElo "1620"]
[BlackElo "1426"]
[PlyCount "65"]
[EventDate "2021.05.04"]
[EventType "swiss (blitz)"]
[EventRounds "11"]
[EventCountry "GER"]
[SourceTitle "CBM 202 Extra"]
[Source "ChessBase"]
[SourceDate "2021.07.31"]
[SourceVersion "1"]
[SourceVersionDate "2021.07.31"]
[SourceQuality "1"]

1. d4 d5 2. Nc3 Nf6 3. Bf4 e6 4. Nb5 Bd6 5. Bxd6 cxd6 6. e3 a6 7. Nc3 0-0 8. a3 Nc6 9. Bd3 e5 10. Nge2 Be6 11. dxe5 dxe5 12. Ng3 d4 13. Nce4 Nxe4 14. Bxe4 Rc8 15. 0-0 dxe3 16. fxe3 Qxd1 17. Raxd1 Rfd8 18. Rxd8+ Rxd8 19. Bf3 Bd5 20. Bxd5 Rxd5 21. e4 Rd2 22. Rc1 f6 23. c3 Rxb2 24. Nf5 Ra2 25. Nd6 b5 26. Nf5 Rxa3 27. Rd1 Rxc3 28. Rd5 Kf7 29. Nd6+ Ke7 30. Nf5+ Kf7 31. Rd7+ Kg6 32. Rxg7+ Kh5 33. g4# 1-0

[Event "GER-ch Net blitz qual2"]
[Site "Playchess.com INT"]
[Date "2021.05.04"]
[Round "7"]
[White "Neis, Michael"]
[Black "Reiss, Peter"]
[Result "1-0"]
[WhiteElo "1620"]
[BlackElo "1426"]
[PlyCount "103"]
[EventDate "2021.05.04"]
[EventType "swiss (blitz)"]
[EventRounds "11"]
[EventCountry "GER"]
[SourceTitle "CBM 202 Extra"]
[Source "ChessBase"]
[SourceDate "2021.07.31"]
[SourceVersion "1"]
[SourceVersionDate "2021.07.31"]
[SourceQuality "1"]

1. d4 d5 2. Nf3 Nf6 3. e3 Bf5 4. Bd3 Bxd3 5. Qxd3 e6 6. 0-0 c5 7. c4 dxc4 8. Qxc4 cxd4 9. Nxd4 Nbd7 10. Bd2 Rc8 11. Qb3 b6 12. Bc3 Be7 13. Nb5 Nc5 14. Qd1 Qxd1 15. Rxd1 a6 16. Nd4 0-0 17. Nd2 Rfd8 18. N2f3 Nce4 19. Be1 Bc5 20. Rac1 Bf8 21. Rxc8 Rxc8 22. Ne5 Bc5 23. Kf1 Bxd4 24. exd4 g6 25. Bc3 Nxc3 26. bxc3 Rxc3 27. Rb1 b5 28. Rb2 Nd5 29. Nd7 Rc7 30. Nc5 Ne7 31. Nxa6 Rb7 32. Nb4 Nd5 33. Nxd5 exd5 34. Rc2 Kg7 35. Rc5 b4 36. Rxd5 b3 37. axb3 Rxb3 38. Rd8 Rb1+ 39. Ke2 Rb2+ 40. Kf3 Rb3+ 41. Kg4 f5+ 42. Kf4 Rd3 43. Rd7+ Kg8 44. h4 Rd2 45. Kg3 h5 46. d5 Rd3+ 47. f3 Rd4 48. d6 Kf8 49. Rd8+ Kf7 50. d7 Ke7 51. Rg8 Rxd7 52. Rxg6 1-0

[Event "GER-ch Net blitz qual2"]
[Site "Playchess.com INT"]
[Date "2021.05.04"]
[Round "8"]
[White "Reiss, Peter"]
[Black "Oberling, Mario"]
[Result "0-1"]
[WhiteElo "1426"]
[BlackElo "1702"]
[PlyCount "84"]
[EventDate "2021.05.04"]
[EventType "swiss (blitz)"]
[EventRounds "11"]
[EventCountry "GER"]
[SourceTitle "CBM 202 Extra"]
[Source "ChessBase"]
[SourceDate "2021.07.31"]
[SourceVersion "1"]
[SourceVersionDate "2021.07.31"]
[SourceQuality "1"]

1. d4 Nf6 2. c4 e6 3. Nc3 d5 4. Bg5 Be7 5. e3 0-0 6. Nf3 h6 7. Bh4 b6 8. Rc1 Ba6 9. cxd5 Bxf1 10. Kxf1 Nxd5 11. Bxe7 Qxe7 12. Nxd5 exd5 13. g3 Rc8 14. Kg2 Nd7 15. a3 Qe6 16. Qd2 c5 17. dxc5 bxc5 18. Rhd1 Nf6 19. Qa5 c4 20. Nd4 Qe4+ 21. Kg1 Re8 22. Qd2 Rab8 23. Nc6 Rb7 24. Nd4 Qg4 25. Rb1 Qh3 26. f4 Ng4 27. Nf3 Nxe3 28. Re1 Rbe7 29. Ne5 Ng4 30. Nxg4 Rxe1+ 31. Rxe1 Rxe1+ 32. Qxe1 Qxg4 33. Qe8+ Kh7 34. Qxf7 Qd1+ 35. Kg2 Qd2+ 36. Kh3 Qd3 37. Qxa7 d4 38. Qd7 Qf1+ 39. Kg4 Qe2+ 40. Kh3 d3 41. Qf5+ Kg8 42. Qe6+ Qxe6+ 0-1

[Event "GER-ch Net blitz qual1"]
[Site "Playchess.com INT"]
[Date "2021.04.24"]
[Round "7"]
[White "Frank, Simon"]
[Black "Reiss, Peter"]
[Result "0-1"]
[WhiteElo "1620"]
[BlackElo "1357"]
[PlyCount "90"]
[EventDate "2021.04.24"]
[EventType "swiss (blitz)"]
[EventRounds "11"]
[EventCountry "GER"]
[SourceTitle "CBM 202 Extra"]
[Source "ChessBase"]
[SourceDate "2021.07.31"]
[SourceVersion "1"]
[SourceVersionDate "2021.07.31"]
[SourceQuality "1"]

1. Nf3 Nf6 2. g3 g6 3. Bg2 Bg7 4. d3 0-0 5. 0-0 d5 6. c3 c5 7. Bg5 Nc6 8. Nbd2 e6 9. Rc1 Qb6 10. b3 Qc7 11. c4 d4 12. Bxf6 Bxf6 13. Ne4 Be7 14. Qd2 b6 15. a3 Bb7 16. Rb1 a5 17. Rb2 Ne5 18. Qf4 Bd6 19. Nf6+ Kg7 20. Nxe5 Bxe5 21. Qh4 Bxf6 22. Qg4 Bxg2 23. Kxg2 Qb7+ 24. f3 h5 25. Qf4 Qb8 26. Qxb8 Rfxb8 27. h3 b5 28. Rfb1 Be5 29. cxb5 Rxb5 30. g4 hxg4 31. hxg4 Rab8 32. a4 Rb4 33. Kf2 Bf4 34. Kg2 f5 35. Kh3 fxg4+ 36. Kxg4 Bc7 37. Kg5 Rh8 38. Kg4 Rbb8 39. e4 dxe3 40. Re2 Kf6 41. Rxe3 Rh5 42. Rbe1 Re8 43. f4 g5 44. fxg5+ Rxg5+ 45. Kh4 Rh8# 0-1

[Event "GER-ch Net blitz qual1"]
[Site "Playchess.com INT"]
[Date "2021.04.24"]
[Round "6"]
[White "Reiss, Peter"]
[Black "Thuemler, Floris"]
[Result "0-1"]
[WhiteElo "1357"]
[BlackElo "1620"]
[PlyCount "48"]
[EventDate "2021.04.24"]
[EventType "swiss (blitz)"]
[EventRounds "11"]
[EventCountry "GER"]
[SourceTitle "CBM 202 Extra"]
[Source "ChessBase"]
[SourceDate "2021.07.31"]
[SourceVersion "1"]
[SourceVersionDate "2021.07.31"]
[SourceQuality "1"]

1. d4 Nf6 2. c4 g6 3. Nf3 Bg7 4. g3 0-0 5. Bg2 d6 6. 0-0 Nbd7 7. Nc3 e5 8. e4 exd4 9. Nxd4 a5 10. h3 Nc5 11. Be3 Re8 12. Qc2 Qe7 13. f3 Be6 14. b3 Rad8 15. Nd5 Bxd5 16. cxd5 Nxd5 17. exd5 Qxe3+ 18. Kh1 Bxd4 19. Rae1 Qxe1 20. Rxe1 Rxe1+ 21. Kh2 Rde8 22. Qd2 Bg1+ 23. Kh1 R8e2 24. Qg5 Be3+ 0-1

[Event "GER Cup Net Final-C U1600"]
[Site "Playchess.com INT"]
[Date "2020.06.06"]
[Round "9"]
[White "Kauschanski, Nicolas"]
[Black "Reiss, Peter"]
[Result "0-1"]
[WhiteElo "1469"]
[BlackElo "1378"]
[PlyCount "130"]
[EventDate "2020.06.06"]
[EventType "swiss (blitz)"]
[EventRounds "13"]
[EventCountry "GER"]
[SourceTitle "CBM 197 Extra"]
[Source "ChessBase"]
[SourceDate "2020.09.30"]
[SourceVersion "1"]
[SourceVersionDate "2020.09.30"]
[SourceQuality "1"]

1. d4 d5 2. Bf4 Nf6 3. Nf3 e6 4. e3 c5 5. c4 Nc6 6. Nc3 Bd6 7. Bxd6 Qxd6 8. Bd3 cxd4 9. exd4 dxc4 10. Bxc4 0-0 11. 0-0 Ne7 12. Bd3 b6 13. Nb5 Qd8 14. Qe2 Bb7 15. Nc3 Ned5 16. Nxd5 Bxd5 17. Bc4 Rc8 18. Bxd5 Nxd5 19. Qd2 Qe7 20. Rac1 Rc7 21. Rxc7 Qxc7 22. Rc1 Qd7 23. Qd3 Rc8 24. Rxc8+ Qxc8 25. Qb1 Nb4 26. g3 Qc2 27. Qxc2 Nxc2 28. Kf1 Nb4 29. a3 Nd5 30. Ke2 Kf8 31. Kd3 Ke7 32. Kc4 Kd6 33. Kb5 Kc7 34. Ne5 f6 35. Nc6 a5 36. b4 axb4 37. Nxb4 Nxb4 38. Kxb4 Kc6 39. Kc4 b5+ 40. Kb4 g6 41. a4 bxa4 42. Kxa4 Kd5 43. Kb3 Kxd4 44. Kc2 Ke4 45. Kd2 Kf3 46. Ke1 e5 47. Kf1 f5 48. h4 h6 49. Ke1 g5 50. hxg5 hxg5 51. Kf1 f4 52. gxf4 gxf4 53. Ke1 e4 54. Kf1 e3 55. fxe3 fxe3 56. Ke1 e2 57. Kd2 Kf2 58. Kd3 e1Q 59. Kc4 Qd2 60. Kb3 Ke3 61. Ka3 Qc3+ 62. Ka2 Qb4 63. Ka1 Kd2 64. Ka2 Kc2 65. Ka1 Qb2# 0-1

[Event "GER Cup Net Final-C U1600"]
[Site "Playchess.com INT"]
[Date "2020.06.06"]
[Round "6"]
[White "Reiss, Peter"]
[Black "Karpe, Sebastian"]
[Result "1-0"]
[WhiteElo "1381"]
[BlackElo "1296"]
[PlyCount "99"]
[EventDate "2020.06.06"]
[EventType "swiss (blitz)"]
[EventRounds "13"]
[EventCountry "GER"]
[SourceTitle "CBM 197 Extra"]
[Source "ChessBase"]
[SourceDate "2020.09.30"]
[SourceVersion "1"]
[SourceVersionDate "2020.09.30"]
[SourceQuality "1"]

1. d4 e6 2. c4 Nf6 3. Nf3 d5 4. Bg5 Be7 5. Nc3 0-0 6. e3 h6 7. Bh4 c5 8. Rc1 Nc6 9. cxd5 exd5 10. Be2 c4 11. 0-0 Bf5 12. Bg3 Bh7 13. Ne5 Nxe5 14. Bxe5 Nd7 15. Bg3 Nf6 16. Bf3 Rc8 17. Qa4 a6 18. Rfe1 Qd7 19. Qxd7 Nxd7 20. Nxd5 Bb4 21. Nxb4 a5 22. Nd5 Rfe8 23. Be2 b5 24. a4 bxa4 25. Bxc4 Rb8 26. Rb1 Bxb1 27. Rxb1 a3 28. Bd3 Rb3 29. bxa3 Rxd3 30. Nc7 Rc8 31. h3 Rxa3 32. Nd5 Rc2 33. Ne7+ Kh7 34. Rb7 Nf6 35. Be5 Ra1+ 36. Kh2 a4 37. f3 Raa2 38. Bxf6 gxf6 39. Nf5 Rxg2+ 40. Kh1 Kg6 41. Nh4+ Kh5 42. Nxg2 Ra1+ 43. Kh2 Ra2 44. Rxf7 Kg6 45. Ra7 Ra1 46. Kg3 Ra2 47. Nf4+ Kf5 48. e4+ Kg5 49. Ra5+ f5 50. Rxf5# 1-0

[Event "GER Cup Net Final-C U1600"]
[Site "Playchess.com INT"]
[Date "2020.06.06"]
[Round "11"]
[White "Schell, Andreas"]
[Black "Reiss, Peter"]
[Result "1-0"]
[WhiteElo "1502"]
[BlackElo "1418"]
[PlyCount "49"]
[EventDate "2020.06.06"]
[EventType "swiss (blitz)"]
[EventRounds "13"]
[EventCountry "GER"]
[SourceTitle "CBM 197 Extra"]
[Source "ChessBase"]
[SourceDate "2020.09.30"]
[SourceVersion "1"]
[SourceVersionDate "2020.09.30"]
[SourceQuality "1"]

1. d4 d5 2. g3 c6 3. Bg2 g6 4. e3 Bg7 5. Ne2 Bf5 6. 0-0 e6 7. b3 Ne7 8. Bb2 0-0 9. Nd2 Nd7 10. c4 Qc7 11. Ba3 Rfe8 12. Rc1 Rac8 13. cxd5 exd5 14. Bxe7 Rxe7 15. Bxd5 Qb8 16. Bg2 Nb6 17. Nc4 Nxc4 18. bxc4 Rd8 19. Rb1 b6 20. Bxc6 Qc7 21. Bg2 Qxc4 22. Rc1 Qe6 23. Ra1 Bh3 24. Nf4 Qf5 25. Bxh3 1-0

[Event "GER Cup Net V4 U1600"]
[Site "Playchess.com INT"]
[Date "2020.05.31"]
[Round "1"]
[White "Fock, Madiha"]
[Black "Reiss, Peter"]
[Result "0-1"]
[WhiteElo "1628"]
[BlackElo "1417"]
[PlyCount "116"]
[EventDate "2020.05.31"]
[EventType "swiss (blitz)"]
[EventRounds "9"]
[EventCountry "GER"]
[SourceTitle "EXT 2021"]
[Source "ChessBase"]
[SourceDate "2020.10.23"]
[SourceVersion "1"]
[SourceVersionDate "2020.10.23"]
[SourceQuality "1"]

1. e4 c5 2. Nf3 d6 3. d4 cxd4 4. Nxd4 Nf6 5. Nc3 e6 6. Bg5 Be7 7. Bd3 h6 8. Bh4 Nxe4 9. Bxe7 Nxc3 10. Bxd8 Nxd1 11. Rxd1 Kxd8 12. 0-0 Nc6 13. Nxc6+ bxc6 14. Be4 d5 15. c4 Ke7 16. cxd5 cxd5 17. Bf3 Ba6 18. Rfe1 Rac8 19. Bxd5 Rhd8 20. Be4 Rxd1 21. Rxd1 Rb8 22. b3 Bb7 23. Bxb7 Rxb7 24. Kf1 Rc7 25. Rd2 Rd7 26. Ke2 Rxd2+ 27. Kxd2 Kd6 28. Ke2 e5 29. Kd3 Kd5 30. Ke3 f5 31. g3 g5 32. f3 h5 33. a3 f4+ 34. gxf4 exf4+ 35. Kd3 g4 36. fxg4 hxg4 37. a4 g3 38. hxg3 fxg3 39. Ke3 a5 40. Kf3 Kd4 41. Kxg3 Kc3 42. Kf3 Kxb3 43. Ke3 Kxa4 44. Kd3 Kb3 45. Kd2 Kb2 46. Kd3 a4 47. Kc4 a3 48. Kb4 a2 49. Kc4 a1Q 50. Kd3 Qc1 51. Ke2 Qc3 52. Kf1 Qe3 53. Kg2 Kc2 54. Kh1 Qg5 55. Kh2 Kd2 56. Kh3 Ke2 57. Kh2 Kf3 58. Kh1 Qg2# 0-1

[Event "GER-ch Net Amateur Gr-C Final"]
[Site "Playchess.com INT"]
[Date "2020.04.18"]
[Round "12"]
[White "Cancedda, Bastian"]
[Black "Reiss, Peter"]
[Result "0-1"]
[WhiteElo "1568"]
[BlackElo "1319"]
[PlyCount "116"]
[EventDate "2020.04.18"]
[EventType "swiss (blitz)"]
[EventRounds "13"]
[EventCountry "GER"]
[SourceTitle "CBM 195 Extra"]
[Source "ChessBase"]
[SourceDate "2020.05.31"]
[SourceVersion "1"]
[SourceVersionDate "2020.05.31"]
[SourceQuality "1"]

1. c4 c5 2. Nc3 Nc6 3. d3 Nf6 4. g3 d6 5. Bg2 Bd7 6. e4 e6 7. Nge2 g6 8. 0-0 Bg7 9. Bg5 0-0 10. f4 h6 11. Bxf6 Bxf6 12. Rb1 Nd4 13. Nxd4 Bxd4+ 14. Kh1 a6 15. Ne2 Bg7 16. b3 b5 17. a4 Rb8 18. axb5 axb5 19. Bf3 bxc4 20. bxc4 Qc7 21. Rxb8 Rxb8 22. Qc2 Qb7 23. Nc3 Qb2 24. Qxb2 Rxb2 25. Ne2 Ba4 26. Nc1 Rb1 27. Be2 Bb2 28. Na2 Rxf1+ 29. Bxf1 Bb3 30. g4 Bxa2 31. Kg2 d5 32. cxd5 exd5 33. Kf3 dxe4+ 34. Kxe4 Kf8 35. h4 Ke7 36. g5 hxg5 37. hxg5 Ke6 38. Be2 Bd5+ 39. Ke3 Bd4+ 40. Kd2 Kf5 41. Bd1 Kxf4 42. Ba4 Kxg5 43. Be8 f5 44. Ke2 Kh5 45. Ke1 f4 46. Kf1 f3 47. Bb5 g5 48. Bd7 g4 49. Ke1 Kh4 50. Kf1 Kg3 51. Ke1 Kg2 52. Bxg4 f2+ 53. Kd2 f1Q 54. Be2 Qf2 55. Kd1 Bf3 56. Bxf3+ Kxf3 57. Kc1 Ke3 58. Kb1 Qb2# 0-1

[Event "GER-ch Net Amateur Gr-C Final"]
[Site "Playchess.com INT"]
[Date "2020.04.18"]
[Round "8"]
[White "Reiss, Peter"]
[Black "Reich, Elisabeth"]
[Result "1/2-1/2"]
[WhiteElo "1319"]
[BlackElo "1595"]
[PlyCount "75"]
[EventDate "2020.04.18"]
[EventType "swiss (blitz)"]
[EventRounds "13"]
[EventCountry "GER"]
[SourceTitle "CBM 195 Extra"]
[Source "ChessBase"]
[SourceDate "2020.05.31"]
[SourceVersion "1"]
[SourceVersionDate "2020.05.31"]
[SourceQuality "1"]

1. d4 Nf6 2. c4 g6 3. Nf3 Bg7 4. g3 d6 5. Bg2 0-0 6. Nc3 Nbd7 7. 0-0 e5 8. e4 c6 9. h3 exd4 10. Nxd4 Re8 11. Be3 Nxe4 12. Nxe4 d5 13. cxd5 cxd5 14. Nc3 Nf6 15. Rc1 Bd7 16. Nxd5 Nxd5 17. Bxd5 Bxh3 18. Re1 Qxd5 19. Qf3 Qxf3 20. Nxf3 Bg4 21. Kg2 a6 22. b3 Rac8 23. Nd4 Rxc1 24. Rxc1 Rd8 25. Nf3 Bf6 26. Rc7 b5 27. Ra7 Rd6 28. Nd2 Bd4 29. Bxd4 Rxd4 30. Nf3 Rd6 31. Ne5 Bf5 32. Nxf7 Rd2 33. Nh6+ Kf8 34. Nxf5 gxf5 35. Rxa6 Rd5 36. a4 bxa4 37. bxa4 Kg7 38. Ra7+ 1/2-1/2

[Event "GER-ch Net Amateur Gr-C Vor3"]
[Site "Playchess.com INT"]
[Date "2020.04.16"]
[Round "4"]
[White "Burzacchini, Andrea"]
[Black "Reiss, Peter"]
[Result "1-0"]
[WhiteElo "1529"]
[BlackElo "1252"]
[PlyCount "67"]
[EventDate "2020.04.16"]
[EventType "swiss (blitz)"]
[EventRounds "9"]
[EventCountry "GER"]
[SourceTitle "CBM 195 Extra"]
[Source "ChessBase"]
[SourceDate "2020.05.31"]
[SourceVersion "1"]
[SourceVersionDate "2020.05.31"]
[SourceQuality "1"]

1. e4 c5 2. Nf3 d6 3. g3 Nf6 4. d3 Nc6 5. Bg2 g6 6. 0-0 Bg7 7. Re1 0-0 8. Nbd2 Bg4 9. c3 Qd7 10. Nc4 b5 11. Ne3 Bh3 12. Bh1 Ng4 13. Ng5 Nxe3 14. Bxe3 Bg4 15. Qd2 Ne5 16. f4 Nc6 17. e5 dxe5 18. Bxc5 exf4 19. Qxf4 Rfe8 20. Qxf7+ Kh8 21. Bxc6 Qxc6 22. d4 h6 23. Ne6 Bxe6 24. Rxe6 Rf8 25. Qxe7 Qf3 26. Re2 Rae8 27. Qxe8 Rxe8 28. Rxe8+ Kh7 29. Rf1 Qd3 30. Re7 Qc2 31. Rff7 h5 32. Rxg7+ Kh6 33. Rh7+ Kg5 34. Re5+ 1-0

[Event "GER-ch Net Amateur Gr-C Vor3"]
[Site "Playchess.com INT"]
[Date "2020.04.16"]
[Round "2"]
[White "Grunwald, Guenther"]
[Black "Reiss, Peter"]
[Result "1-0"]
[WhiteElo "1499"]
[BlackElo "1252"]
[PlyCount "129"]
[EventDate "2020.04.16"]
[EventType "swiss (blitz)"]
[EventRounds "9"]
[EventCountry "GER"]
[SourceTitle "CBM 195 Extra"]
[Source "ChessBase"]
[SourceDate "2020.05.31"]
[SourceVersion "1"]
[SourceVersionDate "2020.05.31"]
[SourceQuality "1"]

1. e4 c5 2. c3 d6 3. d4 cxd4 4. cxd4 Nc6 5. Nf3 e6 6. Nc3 Nf6 7. Bb5 Bd7 8. 0-0 a6 9. Be2 Be7 10. e5 dxe5 11. dxe5 Ng8 12. Ne4 Bb4 13. a3 Ba5 14. Nd6+ Kf8 15. Nxb7 Qc7 16. Nxa5 Nxa5 17. Qd6+ Qxd6 18. exd6 Nf6 19. Bd2 Nb3 20. Rab1 Nxd2 21. Nxd2 Bb5 22. Bxb5 axb5 23. Rbc1 g6 24. Rc7 Kg7 25. Rb7 Rab8 26. Rxb8 Rxb8 27. Rc1 Nd5 28. h3 Kf6 29. d7 Rd8 30. Rc5 Rxd7 31. Rxb5 Rc7 32. Nb3 Rc6 33. a4 Rb6 34. Rxb6 Nxb6 35. a5 Nc8 36. a6 Ke7 37. Nc5 Kd6 38. b4 Kc6 39. Nb7 Kb6 40. Nd8 Nd6 41. b5 Nxb5 42. Nxf7 Nd4 43. Ng5 h6 44. Nf7 h5 45. Ne5 g5 46. Nf7 g4 47. hxg4 hxg4 48. Ne5 Kxa6 49. Nxg4 Kb5 50. Ne3 Kc5 51. g4 Kd6 52. g5 Nf5 53. Nxf5+ exf5 54. Kg2 Ke5 55. Kg3 Ke6 56. f4 Kf7 57. Kh4 Kg6 58. Kg3 Kh5 59. Kf3 Kg6 60. Ke3 Kf7 61. Kd4 Ke6 62. g6 Kf6 63. g7 Kxg7 64. Ke5 Kg6 65. Ke6 1-0

[Event "GER-ch Net Amateur Gr-C Vor3"]
[Site "Playchess.com INT"]
[Date "2020.04.16"]
[Round "6"]
[White "Reiss, Peter"]
[Black "Kosak, Karolina"]
[Result "1/2-1/2"]
[WhiteElo "1252"]
[BlackElo "1395"]
[PlyCount "94"]
[EventDate "2020.04.16"]
[EventType "swiss (blitz)"]
[EventRounds "9"]
[EventCountry "GER"]
[SourceTitle "CBM 195 Extra"]
[Source "ChessBase"]
[SourceDate "2020.05.31"]
[SourceVersion "1"]
[SourceVersionDate "2020.05.31"]
[SourceQuality "1"]

1. d4 d5 2. c4 e6 3. Nc3 Nf6 4. Bg5 Nbd7 5. e3 Be7 6. Nf3 0-0 7. Bd3 h6 8. Bh4 dxc4 9. Bxc4 c5 10. dxc5 Nxc5 11. 0-0 a6 12. Qxd8 Rxd8 13. Rfd1 Re8 14. b4 Nce4 15. Nxe4 Nxe4 16. Bxe7 Rxe7 17. a3 b5 18. Bb3 Bb7 19. Rac1 Rc8 20. Rxc8+ Bxc8 21. Rc1 Bb7 22. h3 Re8 23. Rc7 Rb8 24. Nd4 Kf8 25. Nc6 Bxc6 26. Rxc6 Ra8 27. Bc2 Nf6 28. f3 a5 29. Rb6 axb4 30. axb4 Rc8 31. Bd3 Rc1+ 32. Kf2 Ke7 33. Bxb5 Rb1 34. Bd3 Rb3 35. Bc4 Nd5 36. Bxd5 exd5 37. b5 Kd7 38. Rb7+ Ke6 39. b6 g5 40. g3 f5 41. f4 gxf4 42. gxf4 Rb2+ 43. Kf3 Rh2 44. Kg3 Re2 45. Kf3 Rh2 46. Kg3 Re2 47. Kf3 Rh2 1/2-1/2

[Event "Bad Soden sim2"]
[Site "Bad Soden"]
[Date "2019.10.03"]
[Round "1.8"]
[White "Keymer, Vincent"]
[Black "Reiss, Peter"]
[Result "1-0"]
[WhiteElo "2506"]
[BlackElo "1594"]
[PlyCount "31"]
[EventDate "2019.10.03"]
[EventType "simul"]
[EventRounds "1"]
[EventCountry "GER"]
[SourceTitle "EXT 2021"]
[Source "ChessBase"]
[SourceDate "2020.10.23"]
[SourceVersion "1"]
[SourceVersionDate "2020.10.23"]
[SourceQuality "1"]

1. c4 c5 2. Nf3 Nf6 3. Nc3 Nc6 4. g3 g6 5. Bg2 Bg7 6. 0-0 0-0 7. d4 cxd4 8. Nxd4 Nxd4 9. Qxd4 d6 10. Bg5 a6 11. Rfd1 Rb8 12. c5 Nd7 13. Qe3 Qe8 14. Bxe7 dxc5 15. Nd5 Bxb2 16. Nc7 1-0